The world's religions / (Record no. 647)

000 -LEADER
fixed length control field 00954cam a2200265 a 4500
001 - CONTROL NUMBER
control field 4032893
003 - CONTROL NUMBER IDENTIFIER
control field OSt
005 - DATE AND TIME OF LATEST TRANSACTION
control field 20140116120834.0
008 - FIXED-LENGTH DATA ELEMENTS--GENERAL INFORMATION
fixed length control field 980305s1998 enkab b 001 0 eng
020 ## - INTERNATIONAL STANDARD BOOK NUMBER
International Standard Book Number 9780521637480
040 ## - CATALOGING SOURCE
Transcribing agency DLC
050 00 - LIBRARY OF CONGRESS CALL NUMBER
Classification number BL80.2.S63 1998
100 1# - MAIN ENTRY--PERSONAL NAME
Personal name Smart, Ninian,
Dates associated with a name 1927-
245 14 - TITLE STATEMENT
Title The world's religions /
Statement of responsibility, etc Ninian Smart.
250 ## - EDITION STATEMENT
Edition statement 2nd ed.
260 ## - PUBLICATION, DISTRIBUTION, ETC. (IMPRINT)
Place of publication, distribution, etc Cambridge :
Name of publisher, distributor, etc Cambridge University Press,
Date of publication, distribution, etc 1998.
300 ## - PHYSICAL DESCRIPTION
Extent 608 p. :
Other physical details ill. (some col.), maps .
504 ## - BIBLIOGRAPHY, ETC. NOTE
Bibliography, etc Includes bibliographical references and index.
650 #0 - SUBJECT ADDED ENTRY--TOPICAL TERM
Topical term or geographic name as entry element Religions.
856 41 - ELECTRONIC LOCATION AND ACCESS
Materials specified Table of contents
Uniform Resource Identifier <a href="http://www.loc.gov/catdir/toc/cam023/98015080.html">http://www.loc.gov/catdir/toc/cam023/98015080.html</a>
856 42 - ELECTRONIC LOCATION AND ACCESS
Materials specified Publisher description
Uniform Resource Identifier <a href="http://www.loc.gov/catdir/description/cam029/98015080.html">http://www.loc.gov/catdir/description/cam029/98015080.html</a>
906 ## - LOCAL DATA ELEMENT F, LDF (RLIN)
a 7
b cbc
c orignew
d 1
e ocip
f 19
g y-gencatlg
942 ## - ADDED ENTRY ELEMENTS (KOHA)
Source of classification or shelving scheme
Koha item type Book
Holdings
Withdrawn status Lost status Source of classification or shelving scheme Damaged status Not for loan Home library Current library Date acquired Source of acquisition Total Checkouts Total Renewals Full call number Barcode Date last seen Date checked out Copy number Price effective from Koha item type
          Riara University Library Riara University Library 26/10/2011 Purchase 2 1 BL80.2.S63 1998 2335/11 07/07/2015 02/07/2015 C.1 26/10/2011 Book
          Riara University Library Riara University Library 26/10/2011 Purchase 2   BL80.2.S63 1998 2337/11 12/07/2018 03/03/2016 C.2 26/10/2011 Book
          Riara University Library Riara University Library 26/10/2011 Purchase     BL80.2.S63 1998 2336/11 12/08/2015   C.3 26/10/2011 Book

Riara University Library,
P.O. Box 49940-00100,
Nairobi, Kenya.